NFL Quarterbacks by First Names #2 - Statistics

General Stats
  • This quiz has been taken 32 times
    21 since last reset
  • The average score is 17 of 20
Answer Stats
Primary Team First Name Last Name % Correct
Giants Eli Manning
100%
Patriots Tom Brady
100%
Bengals Andy Dalton
94%
Panthers Bryce Young
94%
Patriots Drew Bledsoe
94%
Rams/Lions Jared Goff
94%
Vikings Kirk Cousins
94%
Chargers Philip Rivers
94%
Packers Bart Starr
89%
Cardinals Carson Palmer
89%
Texans CJ Stroud
89%
Rams Kurt Warner
89%
Many Teams Ryan Fitzpatrick
89%
Dolphins Bob Griese
78%
Broncos/Texans Brock Osweiller
78%
Jets Chad Pennington
78%
Raiders Jim Plunkett
72%
Browns Shedeur Sanders
72%
Chargers Ryan Leaf
67%
Seahawks Tim Hasselbeck
17%
No matching quizzes found
Score Distribution
Percent of People with Each Score
Percentile by Number Answered
Your Score History
You have not taken this quiz since the last reset